01013cam a22002655a 45000010009000000050017000090080041000260200018000670400033000850820020001181000047001382450125001852600043003103000033003535000024003866300014004106500036004246500053004606500033005136510010005466530024005569420008005809990017005889520142006051724368420161012153741.0120405t2013 njua fr 001 0 eng d a9781118123096 aDLCcDLCdDLCdEG-ScBUEbeng04a006.68222bSCH1 aSchreyer, Alexanderq(Alexander C.)94151810aArchitectural design with sketchup :bcomponents-based modeling, plugins, rendering and scripting /cAlexander Schreyer. aHoboken :bJohn Wiley & Sons,cc.2013. aix, 310 p. :bill. ;c24 cm. aIndex : p. 297-310.00aSketchUp. 7aComputer graphics.2BUEsh93615 7aThree-dimensional display systems.2BUEsh937703 0aEngineering graphics.2BUEsh 2BUEsh bENGARCcOctober2016 2ddc c22546d22518 00102ddc40708AcademicaMAINbMAINcLOWd2016-10-12ePurchaseg472.00h9122l0o006.68 SCHp000034050r2025-07-15 00:00:00v590.00yBB